000
00314nam a22001337a 4500
008
170908b xxu||||| |||| 00| 0 eng d
020
_a
9780792269304
041
_a
eng
080
_a
91
100
_a
42
101
_a
GJEO
245
_a
FAMILY REFERENCE ATLAS OF THE WORLD
_c
NATIONAL GEOGRAPHIC
942
_2
udc
_c
BK
999
_c
26899
_d
26899